| 000 | 00660nam a22002172 4500 | ||
|---|---|---|---|
| 001 | 0000012568 | ||
| 005 | 20151217160126.0 | ||
| 008 | 090219s xx 000 0 eng d | ||
| 020 | _a0382172590 : | ||
| 040 |
_aKABU _cKABU |
||
| 245 | 1 | 0 |
_aScience horizons / _cGeorge G. Mallinson ...[et al.] |
| 250 | _a1st ed. | ||
| 260 |
_aAtlanta, GA : _bSilver Burdett, _c1991. |
||
| 300 | _a571 p. | ||
| 650 | 0 |
_aScience. _@0000153845 |
|
| 700 | 1 |
_aMallinson, George G. _@0000169461 |
|
| 852 | 1 | _9p500 KES | |
| 852 | 1 | _9p500 KES | |
| 908 | _a090219 | ||
| 950 | _@1 | ||
| 999 |
_c14652 _d14652 |
||